000 01023nac a22002777a 4500
001 BR8003438
003 BR-BrBNA
005 20240105114716.0
008 230509b bl.|||m| |||| 00| 0 por d
040 _aBR-BrBNA
_bpor
_cBiblioteca Nacional de Agricultura
072 _aF30; F00
090 _a0230 BR8003438
100 1 _aRocha, A.C.P.N. da
100 1 _aPoltronieri, L.S.
110 1 _aUnidade de Execucao de Pesquisa de Ambito Estadual de Altamira, PA (Brasil)
_910343
245 1 _aCompeticao de cultivares de cana-de-acucar (Saccharum officinarum L.)na regiao da Transamazonica [Competicao de variedade; Plantio; Brasil]
260 3 _aAltamira, PA (Brasil):
_c1980.
300 _a3 p.
490 _aPesquisa em Andamento - Unidade de Execucao de Pesquisa de Ambito Estadual de Altamira (Brazil)
_vno. 1
_x
650 _aCANA DE ACUCAR
650 _aCOMPETICAO DE VARIEDADE
650 _aPLANTIO
650 _aTRANSAMAZONICA
909 _a202312
_bLúcia Elande
_c55
_dLúcia Elande
942 _2AGRIS
_n0
_cMS
999 _c270868
_d270868